00536nam a2200133 a 450008200160000010000270001624501340004326000520017730000080022965000210023794200080025895201210026699900150038700a297.211 DSO aD`Souza, Andreas Felix aConcept of Revelation in the Writings of Three Modern Indian Muslims: A Study of Ahmad Khan, Abu Al-Kalam Azad and Abu-al Mawdudi aMontrealbMcgill Univ.Inst.Of Islamic St.c1988 a341 aRevelation-Islam cRRB 00104070aHMIbHMId2017-03-30eD`Souza, Andreas Felixg200.00l0o297.211 DSOp13005r2007-07-11w2026-01-16yEB c8892d8892